1351 1053 1668 1151 1632 1658 1536 1115 1000 1064 1499 1913 1578 1532 1797 1569 1012 1330 1292 1669 1471 1920 1360 1712 1165 1866 1072 1561 1751 1510 1612 1695 1701 1305 1506 1917 1299 1984 1871 1020 1471 1701 1665 1194 1355 1964 1783 1592 1683 1475 1870 1165 1227 1829 1845 1135 1736 1860 1098 1816 1759 1421 1437 1023 1910 1309 1891 1950 1624 1217 1628 1785 1188 1764 1699 1740 1359 1998 1174 1916 1520 1864 1700 1529 1592 1793 1098 1584 1222 1572 1928 1378 1472 1081 1397 1731 1223 1328 1408 BCNSPRNW ULIB Ver.6.0+V

เปลี่ยนเป็นภาษาไทย

Change to English
 แสดงรายละเอียดบรรณานุกรม
  กลับหน้าหลัก

Brief Record : Get Marc (ISO 2709) : E-mail record : QR code < ปิดหน้าต่าง
LEADER : 00000nam 2200000uu 4500
001    13399127747
003     ULIB
008    210518s2557||||th 000 0 tha d
020    ู^a9786163692979
050    ^aนว^bซ119ม^cล.7
100    ^aซ็อลบง
245    ^aมหากาพย์เทพมรณะ เล่ม 7
250    ^aพิมพ์ครั้งที่ 1
260    ^aกรุงเทพฯ :^bสยามอินเตอร์บุ๊คส์,^c2557
300    ^a218 หน้า;^b21 ซม.
650    ^aนวนิยาย
945    ^p200^l0^i008058
999    ^aประนอม เกษจรัล
รายการนี้ยังไม่มีแท็ก
คุณยังไม่ได้ล็อกอิน คุณสามารถมีกิจกรรมร่วมกับเว็บไซต์ได้ แต่ต้องล็อกอินก่อน ::
  ล็อกอิน

รายการสื่อสารสนเทศ

ลำดับที่ ประเภท เลขเรียก/บาร์โค้ด สถานที่ สถานะ
1. นวนิยาย
นวนิยาย
นว ซ119ม ล.7 ฉ.1 
  Barcode: 008058
ห้องสมุดวิทยาเขตนครสวรรค์
►นวนิยาย:l:Fiction
บนชั้น
Note:บริจาค

รายการใกล้เคียง
    ผู้แต่ง [ซ็อลบง]

    หัวเรื่อง [นวนิยาย]

BibComment


ยังไม่เคยถูกคอมเมนท์

คอมเมนท์ทรัพยากรรายการนี้
  คอมเมนท์: มหากาพย์เทพมรณะ ..


 Copyright 2026. Bcnsprnw @Library